Il mito di Ganimede e l'omosessualita maschile in Grecia : tesi di laurea /

সংরক্ষণ করুন:
গ্রন্থ-পঞ্জীর বিবরন
প্রধান লেখক: Infante, Fulvio (লেখক)
অন্যান্য লেখক: Giuffré Scibona, Concetta
বিন্যাস: গ্রন্থ
ভাষা:ইতালিয়
প্রকাশিত: A.a. 1988-1989
ট্যাগগুলো: ট্যাগ যুক্ত করুন
কোনো ট্যাগ নেই, প্রথমজন হিসাবে ট্যাগ করুন!

MARC

LEADER 00000nam a22000007i 4500
001 IT\ICCU\UBO\3365445
003 ItRI
005 20260124192842.0
008 080201m19881989it |||||| ||||| |||||c
040 |b ita  |c importazione bologna sebina 
041 7 |a ita  |2 ISO-639-2 
100 1 |a Infante, Fulvio  |0 IT\ICCU\UBOV\221627  |4 aut 
245 1 3 |a Il mito di Ganimede e l'omosessualita maschile in Grecia :  |b tesi di laurea /  |c candidato: Fulvio Infante ; relatore: Concetta Giuffrè Scibona. 
260 |c A.a. 1988-1989 
300 |a v, 117 p. ;  |c 30 cm 
500 |a In testa al front.: Università degli Studi di Messina, Facoltà di Lettere e filosofia 
500 |a In calce al front.: anno accademico 1988-1989. 
700 1 |a Giuffré Scibona, Concetta  |0 IT\ICCU\UBOV\999534 
942 |2 ddc  |c TS  |n 0 
952 |0 0  |1 0  |4 0  |6 TESI_306_766000000000000_INF  |7 0  |9 22222  |a BO  |b BO  |d 2026-01-15  |i 4489  |l 0  |o TESI 306.766 INF  |p BO4489  |r 2026-01-15 23:22:22  |w 2026-01-15  |x [Sebina 7] [1 v. (2. copia)]  |y TS  |z 1 v. (2. copia) 
952 |0 0  |1 0  |4 0  |6 TESI_306_766000000000000_INF  |7 0  |9 22223  |a BO  |b BO  |d 2026-01-15  |i 2366  |l 0  |o TESI 306.766 INF  |p BO2366  |r 2026-01-15 23:22:22  |w 2026-01-15  |x [Sebina 7] [1 v.]  |y TS  |z 1 v. 
952 |0 0  |1 0  |4 0  |6 TESI_306_766000000000000_INF  |7 0  |9 22224  |a BO  |b BO  |d 2026-01-15  |i 4490  |l 0  |o TESI 306.766 INF  |p BO4490  |r 2026-01-15 23:22:22  |w 2026-01-15  |x [Sebina 7] [1 v. (3. copia)]  |y TS  |z 1 v. (3. copia) 
999 |c 18987  |d 18987